000 00535nam a2200181 4500
001 107665
003 ES-MaACL
005 20231228212632.0
007 t|
008 061121s1948 sp r ||||1| spa d
100 1 _aMoreno, Diego.
_983274
245 1 3 _aLa luz del agua /
_cDiego Moreno; con la colaboración de Adriano del Valle.
260 _aMadrid :
_b[s.n.],
_c1948.
300 _aXIV, 100 p. ;
_c22.
700 1 _aValle, Adriano del,
_d1895-1957
_9112751
852 _aES-MaACL
_j1890-F-8
_bR.26165
999 _c107665
_d107665